Vista normal Vista MARC

Entrada Materia (personas)

Número de registros utilizados en: 1

001 - CONTROL NUMBER

  • control field: 81575

003 - CONTROL NUMBER IDENTIFIER

  • control field: Co-BoUCM

005 - DATE AND TIME OF LATEST TRANSACTION

  • control field: 20161103151544.0

008 - FIXED-LENGTH DATA ELEMENTS

  • fixed length control field: 161103|| aca||aabn | a|a d

040 ## - CATALOGING SOURCE

  • Original cataloging agency: Co-BoUCM
  • Transcribing agency: Co-BoUCM

100 ## - HEADING--PERSONAL NAME

  • Personal name: Horswell, Michael J.
  • Dates associated with a name: 1965-

670 ## - SOURCE DATA FOUND

  • Source citation: Work cat.: (Co-BoUCM)305136: Horswell, Michael J. 1965-, Decolonizing the sodomite, 2005.